Medicina interna / (Record no. 78115)
[ view plain ]
| 000 -LEADER | |
|---|---|
| campo de control de longitud fija | 00747nam a2200217 i 4500 |
| 001 - NÚMERO DE CONTROL | |
| campo de control | 78115 |
| 003 - IDENTIFICADOR DE NÚMERO DE CONTROL | |
| campo de control | ES-MaACL |
| 005 - FECHA Y HORA DE LA ÚLTIMA TRANSACCIÓN | |
| campo de control | 20250806014154.0 |
| 007 - CAMPO FIJO DE DESCRIPCIÓN FÍSICA--INFORMACIÓN GENERAL | |
| campo de control de longitud fija | t| |
| 008 - DATOS DE LONGITUD FIJA--INFORMACIÓN GENERAL | |
| campo de control de longitud fija | 041011s1974 mx af |||| | spa d |
| 130 0# - ENTRADA PRINCIPAL--TÍTULO UNIFORME | |
| Título uniforme | Harrison's principles of internal medicine. |
| Lenguaje de la obra | Español. |
| 9 (RLIN) | 121952 |
| 245 10 - MENCIÓN DEL TÍTULO | |
| Título | Medicina interna / |
| Mención de responsabilidad, etc. | Harrison ; [traducido por Carolina Amor de Fournier ... et al.]. |
| 250 ## - MENCION DE EDICION | |
| Mención de edición | 4ª ed., 2ª reimp. |
| 260 ## - PUBLICACIÓN, DISTRIBUCIÓN, ETC. | |
| Lugar de publicación, distribución, etc. | [México] : |
| Nombre del editor, distribuidor, etc. | La Prensa Médica Mexicana, |
| Fecha de publicación, distribución, etc. | 1974. |
| 300 ## - DESCRIPCIÓN FÍSICA | |
| Extensión | XXVII, 2298 p., 7 lám. : |
| Otras características físicas | il. ; |
| Dimensiones | 28 cm. |
| 650 07 - PUNTO DE ACCESO ADICIONAL DE MATERIA--TÉRMINO DE MATERIA | |
| Término de materia o nombre geográfico como elemento de entrada | Medicina interna |
| Fuente del encabezamiento o término | embne |
| 9 (RLIN) | 14925 |
| 700 1# - ENTRADA AGREGADA--NOMBRE PERSONAL | |
| Nombre de persona | Harrison, Tinsley Randolph. |
| 9 (RLIN) | 61943 |
| 700 1# - ENTRADA AGREGADA--NOMBRE PERSONAL | |
| Nombre de persona | Amor de Fournier, Carolina. |
| 9 (RLIN) | 21291 |
| 852 ## - LOCALIZACIÓN | |
| Ubicación | ES-MaACL |
| Número de control de estantería | E-9678 |
| Estatus retirado | Estado de pérdida | Estado de daño | No para préstamo | Biblioteca de origen | Biblioteca actual | Ubicación en estantería | Fecha de adquisición | Fuente de adquisición | Total de préstamos | Signatura topográfica completa | Código de barras | Visto por última vez | Precio de reemplazo | Tipo de ítem Koha |
|---|---|---|---|---|---|---|---|---|---|---|---|---|---|---|
| Biblioteca del Ateneo de Madrid | Biblioteca del Ateneo de Madrid | Depósito 2 | 17/01/2008 | E-9678 | 1081718 | 23/02/2023 | 23/02/2023 | Libro impreso |
